000 01035nam a2200349Ia 4500
001 Para_10166
003 CHAP
008 220125s2012 xx 000 0 und d
010 _a208703
020 _a978 - 968 - 418 - 006 - 2
040 _cCHAP
082 _aPA 574.52652 S73 2012
100 _aStaker Leopold, A.
_9175106
245 _aEl desierto /
_c Staker Leopold; traducción Ramón Frausto
250 _a2
260 _aMéxico :
_b Ediciones Culturales Internacionales
300 _a191 p.
440 _aColección de la naturaleza de Time - Life
_9175107
500 _aTítulo original: The Desert
650 _aEcología desertica
_9175108
650 _aFauna desertica
_939839
650 _aFlora desertica
_941326
650 _aRegiones áridas
_995669
700 _aFrausto, Ramón, tr.
_9175109
901 _aPA 574.52652 S73 2012
902 _aM
905 _a5222202012 a 8000000300 06
910 _a2012
942 _cPARA
942 _cPARA
_d1
999 _c208703
_d208703